| 000 | 01238nam2a2200241 4500 | ||
|---|---|---|---|
| 001 | RU\NLR\BIBL_A\012839072 | ||
| 005 | 20220729153139.0 | ||
| 010 |
_a978-5-09-090465-0 _bкн. 1 |
||
| 021 |
_aRU _bКН-П-22-024003 _9КН-П-22-2053 |
||
| 035 | _a(NLR Aleph) 012839072 | ||
| 090 |
_a12389928 _c12389928 |
||
| 100 | _a20220704d2022 c y0rusy50 ca | ||
| 101 | 0 | _arus | |
| 102 | _aRU | ||
| 105 | _aa|||j|||000zy | ||
| 200 | 0 | _aКн. 1 | |
| 210 | _d2022 | ||
| 215 |
_a111 с. _cил., цв. ил. |
||
| 461 | 0 |
_1001RU\NLR\BIBL_A\012839067 _12001#$aМатематика$e2 класс$eучебник$eсистема Д.Б. Эльконина - В.В. Давыдова$eв двух книгах$fВ.В. Давыдов, С.Ф. Горбов, Г.Г. Микулина, О.В. Савельева$vКн. 1 _912389915 _cМосква _d2022 _e4-е изд., стер. _fВ.В. Давыдов, С.Ф. Горбов, Г.Г. Микулина, О.В. Савельева _nПросвещение _o2 класс : учебник : система Д.Б. Эльконина - В.В. Давыдова : в двух книгах _tМатематика _y9785090904667 _vКн. 1 |
|
| 942 | _cBOOK | ||
| 980 | _aNB | ||